Equidad de género en Costa Rica: del reconocimiento a la redistribución = Gender equality in Costa Rica: from recognition to redistribution /
সংরক্ষণ করুন:
| প্রধান লেখক: | |
|---|---|
| অন্যান্য লেখক: | , |
| বিন্যাস: | পাঠ্য |
| ট্যাগগুলো: |
ট্যাগ যুক্ত করুন
কোনো ট্যাগ নেই, প্রথমজন হিসাবে ট্যাগ করুন!
|
MARC
| LEADER | 00000 a a2200000 04500 | ||
|---|---|---|---|
| 001 | 48579 | ||
| 003 | |||
| 040 | |||
| 100 | |a Arias Ramírez, Rafael | ||
| 245 | |a Equidad de género en Costa Rica: del reconocimiento a la redistribución = |b Gender equality in Costa Rica: from recognition to redistribution / |c Rafael Arias Ramírez, Rafael Sánchez Meza, Leonardo Sánchez Hernández | ||
| 700 | |a Sánchez Meza, Rafael | ||
| 700 | |a Sánchez Hernández, Leonardo | ||
| 773 | |g número146, (2014), páginas 55-83 : tablas, gráficos | ||
| 999 | |c 24576 |d 24576 | ||
| 773 | 0 | |0 18728 |9 1630 |a Universidad de Costa Rica |d San José, Costa Rica Editorial UCR 1956- |o 18147 |t Revista de Ciencias Sociales/ |x 04825276 | |
